LEADER 01199cam2-22004451i-450- 001 990000205000403321 005 20060605150501.0 010 $a88-413-3585-8 035 $a000020500 035 $aFED01000020500 035 $a(Aleph)000020500FED01 035 $a000020500 100 $a20020821d1967----km-y0itay50------ba 101 0 $aita 102 $aIT 105 $aa-------001yy 200 1 $aElettromagnetismo$fDaniele Sette 210 $aRoma$cLibreria eredi V. Veschi$d1967 215 $aVIII, 663 p.$cill.$d24 cm 461 0$1001000005692$12001$aLezioni di fisica$v3 610 0 $aElettromagnetismo 676 $a540.141 676 $a530 676 $a536.7 676 $a537 700 1$aSette,$bDaniele$0203 801 0$aIT$bUNINA$gRICA$2UNIMARC 901 $aBK 912 $a990000205000403321 952 $a13 B 36 22$b1835$fFINBC 952 $a13 B 25 37$b32738$fFINBC 952 $a13 B 36 23$b32739$fFINBC 952 $a13 B 36 21$b1834$fFINBC 952 $a02 4 E 18$b3425$fFINBN 952 $a02 4 E 19$b3424$fFINBN 952 $a02 4 E 20$b3423$fFINBN 959 $aFINBC 959 $aFINBN 996 $aElettromagnetismo$9122132 997 $aUNINA LEADER 01162nam 2200361Ia 450 001 996386508803316 005 20200824132607.0 035 $a(CKB)4940000000077291 035 $a(EEBO)2240961331 035 $a(OCoLC)ocm12425904e 035 $a(OCoLC)12425904 035 $a(EXLCZ)994940000000077291 100 $a19850826d1681 uy | 101 0 $alat 135 $aurbn||||a|bb| 200 10$aIdea eloguentiæ forensis hodiernæ$b[electronic resource] $euna? cum actione forensi ex unaquaque juris parte /$fauthore Georgio Mackenzeo 210 $aEdinburgi $cExcudebat hæres Andrea Anderson ...$d1681 215 $a[12], 182 p 300 $aReproduction of original in the University of Illinois (Urbana-Champaign Campus). Library. 330 $aeebo-0167 606 $aForensic oratory 606 $aPleading$zScotland 615 0$aForensic oratory. 615 0$aPleading 700 $aMackenzie$b George$cSir,$f1636-1691.$01002592 801 0$bEAA 801 1$bEAA 801 2$bm/c 801 2$bWaOLN 906 $aBOOK 912 $a996386508803316 996 $aIdea eloguentiæ forensis hodiernæ$92407130 997 $aUNISA